[Event "2nd AICF Women-GM 2018"]
[Site "Hyderabad"]
[Date "2018.08.13"]
[Round "7"]
[White "Vo, Thi Kim Phung"]
[Black "Munguntuul, Batkhuyag"]
[Result "0-1"]
[WhiteElo "2377"]
[BlackElo "2428"]
[Annotator "TA"]
[PlyCount "84"]
[EventDate "2018.08.09"]
[EventType "tourn"]
[EventCountry "IND"]
[SourceTitle "playchess.com"]
[Source "ChessBase"]
[SourceQuality "1"]

{[%evp 23,84,0,0,0,0,0,0,0,-12,-12,-9,-11,-15,-8,0,0,0,0,0,0,0,-66,-54,-222,-221,-247,-237,-187,-255,-507,-438,-673,-685,-641,-646,-29985,-29983,-29987,-29988,-29988,-29989,-29987,-5898,-2135,-5647,-5297,-3596,-2443,-2436,-2244,-2233,-29987,-29988,-29993,-29991,-29993,-29992,-29995,-29996,-29996,-29996,-29996,-29997]} 1. d4 d5 2. c4 c6 3. Nc3 Nf6 4. Nf3 a6 5. c5 Nbd7 6. Bf4 Nh5 7. Bd2 Nhf6 8. Bf4 (8. Rc1 g6 9. g3 Bg7 10. Bg2 O-O 11. O-O Re8 12. Na4 Ra7 13. Re1 Ne4 14. Bf4 Nf8 15. Nd2 Nxd2 16. Qxd2 {1-0 (48) Korobov,A (2664)-McShane,L (2647) Batumi 2018}) 8... Nh5 9. Bd2 Nhf6 10. Bf4 Nh5 11. Bd2 Nhf6 {D15: Damengambit (Slawische Verteidigung)} 12. h3 e5 {LiveBook: 5 Partien} 13. dxe5 Ne4 {Die Stellung ist ausgeglichen.} 14. Nxe4 dxe4 15. Ng5 Nxc5 {Droht ...h6.} 16. b4 Be7 17. Nxf7 Kxf7 18. bxc5 Bxc5 $146 ({Vorgänger:} 18... Qd4 19. Rc1 Qxe5 {½-½ (41) Vaclav,J (2472)-Cesetti,C (2479) ICCF email 2006}) 19. e3 {Dc2 ist eine echte Drohung.} Be6 20. Rc1 Ba3 21. Rc4 Qd5 22. Qh5+ ({Lieber} 22. f4 $1 $11) 22... g6 $1 $15 {[%cal Rg6h5]} 23. Qh6 $2 (23. Qg5 $15) 23... Rad8 {[%csl Gd8][%cal Rd5d2]} 24. Qf4+ {[#]} Ke8 $1 {[%csl Gd8][%cal Rd5d2,Bf7e8,Be8d8,Bd8c7,Bc7b6][%mdl 32]} 25. Rd4 Qxa2 $40 {[%mdl 128] Weiss ist in Schwierigkeiten.} 26. Rxd8+ $2 (26. Be2 {kämpft weiter.} Qb1+ 27. Bd1 Rxd4 28. exd4) 26... Kxd8 $19 27. Qf6+ (27. Qxe4 $142 Qa1+ 28. Ke2) 27... Kc7 28. Qg7+ Kb6 {( -> ...Db1+)} 29. f4 Rd8 {[%csl Gd8][%cal Ra2d2]} 30. Bc3 Qc2 {[%csl Gc2][%cal Rd8d1]} 31. Be2 Qxc3+ 32. Kf2 Rd2 (32... Bc5 $142 33. Rb1+ Bb3 34. Kg1 {[#]} Rd1+ $1 {[%mdl 512]} 35. Rxd1 Bxd1 36. Kh2 Qxe3 37. f5 Bxe2 38. fxg6 Qf4+ 39. Kh1 Qf1+ 40. Kh2 Bg1+ 41. Kh1 Bf2+ 42. Kh2 Qg1#) 33. Rb1+ Rb2 34. Rxb2+ Qxb2 35. Qf6 Bc4 36. Qd8+ Kb5 37. Kg3 Qxe2 {Schwarz setzt Matt.} 38. Kh4 Qxe3 39. g3 Qf3 {[%csl Gg6][%cal Rf3h5]} 40. g4 h6 {[%cal Rf3f2]} 41. Qd2 Bc5 42. Qb2+ Bb3 {Precision: Weiß = 40%, Schwarz = 91%.} 0-1

[Event "2nd AICF Women-GM 2018"]
[Site "Hyderabad"]
[Date "2018.08.13"]
[Round "7"]
[White "Hoang, Thi Bao Tram"]
[Black "Nakhbayeva, Guliskhan"]
[Result "0-1"]
[WhiteElo "2364"]
[BlackElo "2352"]
[Annotator "TA"]
[PlyCount "84"]
[EventDate "2018.08.09"]
[EventType "tourn"]
[EventCountry "IND"]
[SourceTitle "playchess.com"]
[Source "ChessBase"]
[SourceQuality "1"]

{[%evp 31,84,0,27,-18,-13,-15,-17,-58,-30,-42,-34,-67,-64,-71,-36,-35,-33,-54,-61,-84,-77,-74,-65,-106,-81,-97,-90,-193,-185,-209,-209,-270,-246,-272,-260,-200,-190,-379,-379,-376,-385,-404,-232,-323,-323,-300,-305,-376,-368,-721,-715,-702,-702,-668,-675]} 1. Nf3 {Mueller,Karsten} d5 2. e3 Nf6 3. c4 e6 4. Nc3 c5 5. d4 cxd4 6. exd4 Bb4 7. Be2 O-O 8. O-O dxc4 9. Bxc4 b6 10. Bg5 Bb7 11. Qe2 Nbd7 12. Rac1 Rc8 13. Bd3 {E54: Nimzo-Indian: Rubinstein: Main Line: 7...dxc4 8 Bxc4} Bxc3 14. bxc3 Qc7 15. Rfe1 (15. c4 Bxf3 16. Qxf3 Rfe8 17. Rfd1 h6 18. Bh4 Qd6 19. c5 bxc5 20. dxc5 Rxc5 {½-½ (49) Gelfand,B (2727)-Anand,V (2791) Moscow 2012 CBM 149 [Postny,E]}) 15... h6 16. Bd2 Rfe8 {LiveBook: 3 Games} 17. Ne5 Nxe5 18. dxe5 Qc6 {[%csl Gb7][%cal Rc6g2] [#]} 19. Qf1 $146 ({Predecessor:} 19. f3 Qc5+ 20. Kh1 Nd7 21. f4 Qe7 22. f5 exf5 23. Bxf5 {0-1 (58) Kolesnikov,E (2326)-Ovetchkin,R (2492) Sochi 2004 CBM 101 [Mueller,Karsten]}) 19... Nd7 20. Bb5 Qc7 $1 21. Bf4 Red8 22. Qe2 {[#]} a6 $1 {[%mdl 512]} 23. Bd3 (23. Bxa6 Bxa6) 23... Nc5 $36 {[%mdl 2048] Black is more active.} 24. Bb1 f5 25. f3 b5 26. c4 b4 27. Bc2 a5 28. h3 Ba6 29. Kh2 (29. Be3 $17) 29... Rd4 $19 30. Qe3 Rcd8 31. Rcd1 Rxd1 ({Weaker is} 31... Rxc4 32. Rxd8+ Qxd8 33. Rd1 $17) 32. Rxd1 Rxd1 33. Bxd1 Bxc4 34. g4 $2 (34. Qd2) 34... fxg4 35. hxg4 Bxa2 36. Qd4 Qd7 (36... Bd5 $142 37. Kg2 Nd7) 37. Be3 Qxd4 38. Bxd4 Nd3 39. Ba4 Bc4 40. Kg3 $2 (40. Bb6) 40... b3 {[%cal Bb4b3,Bb3b2][%mdl 32] Black is clearly winning.} 41. f4 b2 42. Bc2 Nb4 {Precision: White = 18%, Black = 78%.} 0-1

[Event "2nd AICF Women-GM 2018"]
[Site "Hyderabad"]
[Date "2018.08.13"]
[Round "7"]
[White "Pratyusha, Bodda"]
[Black "Aakanksha Hagawane"]
[Result "0-1"]
[WhiteElo "2294"]
[BlackElo "2292"]
[Annotator "TA"]
[PlyCount "94"]
[EventDate "2018.08.09"]
[EventType "tourn"]
[EventCountry "IND"]
[SourceTitle "playchess.com"]
[Source "ChessBase"]
[SourceQuality "1"]

{[%evp 16,94,19,12,13,17,54,45,72,63,70,37,74,67,72,21,22,16,11,13,11,14,11,15,18,21,27,2,31,27,84,50,56,48,43,0,0,0,0,-25,-8,-15,-15,-71,-73,-89,-85,-512,-515,-495,-489,-424,-445,-1211,-427,-378,-362,-261,-261,-816,-795,-727,-704,-705,-597,-795,-795,-5273,-2720,-1581,-1539,-1512,-1445,-1462,-433,-1250,-788,-12845,-12845,-12845,-12845]} 1. d4 e6 2. c4 b6 3. Nc3 Bb7 4. e4 Bb4 5. Bd3 f5 6. d5 fxe4 7. Bxe4 Nf6 {A40: Unusual replies to 1 d4} (7... Qh4 8. Qe2 Nf6 9. Bf3 O-O 10. dxe6 Nc6 11. Be3 Bxc3+ 12. bxc3 Na5 13. exd7 Nxd7 14. Bxb7 Nxb7 15. Nf3 Qg4 {0-1 (64) Shen,Y (2443)-Harika,D (2509) Al Ain 2015}) 8. Bf3 exd5 9. cxd5 {LiveBook: 3 Games} O-O {The position is equal.} 10. Nge2 Kh8 11. O-O Na6 $146 ({Predecessor:} 11... Ba6 12. Re1 Bxe2 13. Rxe2 Bxc3 14. bxc3 d6 15. Bg5 {0-1 (33) Bazan Solera,M-Cabero Valero,G Asturias 1999}) 12. a3 Bd6 13. Ng3 c6 14. Bg5 Be5 15. dxc6 (15. Nh5 $16) 15... dxc6 $11 16. Qc2 Nc5 17. Rfe1 Qc7 18. Rad1 Rae8 19. Be3 Ne6 20. b4 Ba6 21. a4 Bc4 22. Nce4 b5 (22... Bd5 $11 {remains equal.}) 23. Nxf6 Bxf6 24. Ne4 {Threatens to win with Nd6.} Be5 25. Ng3 (25. h3 {keeps more tension.} a5 26. bxa5 Qxa5 27. Nd2 Nd4 28. Bxd4 Bxd4 29. Rxe8 Rxe8 30. Bxc6 Bxf2+ 31. Kh1) 25... Nd4 26. Bxd4 Bxd4 27. axb5 cxb5 28. Rxe8 Rxe8 29. Be4 (29. Ne4 $11 Bb6 30. Qc3) 29... Qe5 $17 30. h3 Rf8 $36 {[%mdl 2048] Black is in control.} 31. Rd2 $2 {[%mdl 8192]} (31. Nf5 $17 {is tougher.} Bb6 32. Ne3) 31... Rxf2 $19 32. Rxf2 {[#] Kh2! is the strong threat.} Qxg3 33. Qd2 Be3 ({Less strong is} 33... Qxf2+ 34. Qxf2 Bxf2+ 35. Kxf2 $15) 34. Qd8+ Bg8 35. Qf8 Bxf2+ 36. Qxf2 Qc3 37. Bf3 $2 {[#]} (37. Bc2) 37... Qxb4 {Black is clearly winning.} 38. Qxa7 Qe1+ 39. Kh2 Qe5+ 40. Kg1 b4 {[%cal Bb5b4,Bb4b3,Bb3b2][%mdl 32]} 41. Qa8 b3 42. Be4 Qc5+ 43. Kh1 Qc1+ 44. Kh2 Qc7+ (44... Qf4+ $142 45. Kg1 Qd6) 45. Kh1 (45. g3 $142) 45... b2 46. Bxh7 Qc1+ 47. Kh2 Qf4+ {Precision: White = 40%, Black = 63%.} 0-1

[Event "2nd AICF Women-GM 2018"]
[Site "Hyderabad"]
[Date "2018.08.13"]
[Round "7"]
[White "Babiy, Olga"]
[Black "Chitlange Sakshi"]
[Result "0-1"]
[WhiteElo "2291"]
[BlackElo "2144"]
[Annotator "TA"]
[PlyCount "148"]
[EventDate "2018.08.09"]
[EventType "tourn"]
[EventCountry "IND"]
[SourceTitle "playchess.com"]
[Source "ChessBase"]
[SourceQuality "1"]

{[%evp 18,148,29,37,65,17,22,10,64,44,47,-6,90,22,9,0,0,0,-13,-11,14,-60,53,31,47,30,45,18,28,18,24,25,260,15,14,14,20,15,10,-230,-208,-212,-191,-184,0,-156,-65,-24,0,-209,-210,-174,-97,-108,-85,-102,-99,-102,-43,-43,-43,-43,-50,-225,-216,-216,-221,-365,-364,-364,-363,-351,-341,-545,-545,-485,-347,-347,-337,-308,-279,-304,-296,-320,-294,-312,-268,-357,-354,-345,-345,-338,-338,-315,-314,-321,-315,-371,-364,-360,-337,-454,-440,-432,0,-424,-422,-410,-402,-454,-443,-850,-851,-746,-818,-1063,-1063,-1187,-1063,-1063,-1063,-807,-708,-1034,-1025,-956,-952,-1405,-1028,-4960,-4956,-2992,-2481]} 1. e4 c6 2. d4 d5 3. e5 Bf5 4. Nf3 e6 5. Be2 Nd7 6. O-O Bg6 7. Nbd2 {B12: Caro-Kann: Advance Variation} Nh6 8. Nb3 Nf5 9. a4 (9. c3 Rc8 10. g4 Ne7 11. Be3 h5 12. h3 hxg4 13. hxg4 Be4 14. Nbd2 c5 {1-0 (56) Anand,V (2776)-Artemiev,V (2697) Moscow 2018}) 9... a5 10. Bd2 {LiveBook: 4 Games} Be7 11. Qe1 {[%cal Rd2a5]} (11. g4 $5 {[%cal Rg4f5]}) 11... b6 12. c4 dxc4 (12... O-O $11) 13. Bxc4 $14 O-O 14. Rc1 {[#]} (14. g4 $14) 14... Qb8 $146 (14... c5 $11 {keeps the balance.}) ({Predecessor:} 14... Nb8) 15. Qe2 (15. g4 $1 $16) 15... Bh5 $11 16. h3 {g4 is the strong threat.} Bxf3 $1 17. Qxf3 c5 $1 18. Bb5 Ra7 19. d5 (19. Rfd1 $11) 19... Qxe5 (19... Nxe5 $15 20. Qf4 Nh4 21. dxe6 fxe6) 20. Rfe1 Qd6 21. Bc3 Nh4 22. Qg4 {[%csl Gc3][%cal Rg4g7]} e5 $1 23. f4 {[%cal Rf4e5]} Qxd5 24. Rcd1 h5 $2 {[#]} (24... Qxb3 $11 25. Rxd7 Rxd7 26. Qxd7 Ng6) 25. Qe2 $2 (25. Bxd7 Qxb3 26. Qxh5 Qc2 $16) (25. Qxg7+ $1 $18 {[%mdl 512]} Kxg7 26. Rxd5) 25... Qxb3 26. Bxd7 Rd8 $1 {[%cal Rd8d7]} 27. Qxe5 {[%csl Gc3][%cal Re5g7]} Bf8 28. Qxh5 $2 (28. Bg4 $11 Qc2 29. Qe2 Qxe2 30. Bxe2 Rxd1 31. Rxd1 (31. Bxd1 Ng6 $14)) 28... Raxd7 $19 (28... Rdxd7 29. Rxd7 Rxd7 30. Qxh4 $17) 29. Rxd7 Rxd7 30. Qxh4 {And now Bxg7! would win.} Qxa4 $2 (30... Rd1 $1 $19 31. Rxd1 Qxd1+ 32. Kh2 Qxa4) 31. Kh2 $2 (31. Bxg7 $1 $11 Kxg7 32. Qg5+ Kh8 33. Qh5+ Kg7 34. Qg5+ Kh8 35. Qh4+ Kg7 36. Qg5+) 31... Rd1 ({Better is} 31... Rd6 $17 32. Qg4 Qc6) 32. Re5 $1 $15 {[%cal Re5h5]} Rf1 33. Kg3 $2 (33. Bd2 $1 $11 f6 34. Rh5) 33... Qc2 $19 34. Kh2 {White wants to play Rh5.} Qf2 (34... Qd1 $19 35. Rh5 Rh1+ 36. Kg3 Qd3+ 37. Kg4 Qg6+ 38. Kf3 Qd3+ 39. Kg4 Qg6+ 40. Kf3 f6) 35. Qxf2 $17 Rxf2 {[%mdl 4096] Endgame KRB-KRB} 36. Kg3 Rc2 {Threatens to win with ...a4.} 37. Re8 f6 (37... b5 $17 {Strongly threatening ...f6.} 38. Rb8 b4) 38. Rb8 $15 a4 {[%cal Ba5a4,Ba4a3][%mdl 32]} 39. Rxb6 {next Ra6 is good for White.} a3 {White must now prevent ...c4.} 40. Rb3 $2 ({White should play} 40. Kf3 $1 $15) 40... c4 $19 (40... a2 41. Ra3 $16) 41. Rb8 {[#]} Kf7 $1 ({Worse is} 41... a2 42. Ra8 $16) 42. Bd4 {[#]} (42. Kg4 {was worth a try.}) 42... Rd2 $1 {[%cal Rd2d3]} ({And not} 42... a2 43. Ra8 $11) 43. Bc3 Rd1 {aiming for ...a2.} ({Inferior is} 43... a2 44. Ra8 $11) 44. Ra8 Rb1 45. Kg4 (45. Rxf8+ {was necessary.} Kxf8 46. Bb4+ Kf7 47. Bxa3) 45... Rxb2 (45... axb2 $2 46. Ra2 $19) 46. Kf5 Rxg2 47. Ra7+ Kg8 48. Ra8 a2 49. Ke4 Rg3 50. Kd4 Rxh3 51. Rxa2 Rf3 52. Kxc4 Rxf4+ 53. Kd5 Rf3 54. Bd4 Kf7 55. Ra7+ Kg6 56. Ke4 Rf1 57. Ra8 Bd6 58. Ra7 Bg3 59. Ra3 Rf4+ 60. Ke3 Rf1 $2 (60... Kf5 $19 61. Ra2 g5) 61. Ra2 $2 {[%mdl 8192]} (61. Ke4 $1 $11 {and White stays safe.}) 61... Be5 62. Bc5 f5 {[%cal Bf6f5,Bf5f4][%mdl 32]} 63. Ra6+ Kh5 {Black is clearly winning.} 64. Re6 (64. Ke2 $142 Rf4 65. Be3) 64... Bg3 65. Kd3 g5 66. Be3 f4 67. Bd2 Kg4 68. Re5 Ra1 69. Rb5 Ra3+ 70. Kc2 Bh4 71. Rb1 Kf3 72. Rg1 Kf2 73. Rh1 Kg2 74. Rb1 f3 {Precision: White = 29%, Black = 61%.} 0-1

[Event "2nd AICF Women-GM 2018"]
[Site "Hyderabad"]
[Date "2018.08.13"]
[Round "7"]
[White "Prudnykova, Olga"]
[Black "Nandhidhaa, PV."]
[Result "1/2-1/2"]
[WhiteElo "2272"]
[BlackElo "2266"]
[Annotator "TA"]
[PlyCount "117"]
[EventDate "2018.08.09"]
[EventType "tourn"]
[EventCountry "IND"]
[SourceTitle "playchess.com"]
[Source "ChessBase"]
[SourceQuality "1"]

{[%evp 20,117,20,25,37,8,23,0,30,30,66,48,81,68,65,0,21,0,23,0,0,0,0,18,10,0,0,0,0,0,0,0,64,81,73,71,77,74,70,45,62,0,0,0,212,193,243,241,250,233,332,364,343,330,325,312,351,270,242,218,458,458,470,461,437,0,455,440,447,440,440,440,440,424,412,405,466,446,431,392,389,379,373,341,430,0,345,318,297,269,245,0,415,0,0,0,329,0,212,0]} 1. e4 c5 2. Nf3 e6 3. Nc3 Nc6 4. Bb5 Nge7 5. O-O a6 6. Bxc6 Nxc6 7. d4 cxd4 8. Nxd4 Qc7 9. Re1 d6 10. Nxc6 {B30: Sicilian: 2...Nc6 3 Bb5, lines without ...g6} bxc6 11. Qg4 {LiveBook: 10 Games} (11. b3 e5 12. Na4 Be7 13. c4 O-O 14. Be3 Be6 15. Qc2 f5 16. exf5 Bxf5 17. Qd2 Rae8 {1-0 (37) Anton Guijarro,D (2634)-Matlakov,M (2689) Berlin 2015}) 11... g6 12. e5 {White is slightly better.} dxe5 13. Qh4 Bg7 14. Be3 f5 $146 ({Predecessor:} 14... O-O 15. Bc5 Rd8 16. Ne4 Bb7 17. Rad1 h6 {1-0 (27) Kovalev,A (2504)-Eggink,R (2333) Krakow 2017}) 15. Bc5 {[%mdl 1024] White has compensation.} e4 16. Rad1 Kf7 17. Rd6 (17. Bd6 $14 Qd8 18. Qf4) 17... Bf6 18. Qf4 Re8 19. Red1 e5 20. Qh6 Be6 21. Qxh7+ Bg7 {Hoping for ...Rh8.} 22. Qh4 $36 {[%mdl 2048] White has some pressure.} Bf6 $1 {[%cal Rf6h4]} 23. Qh3 Rh8 24. Qe3 $1 Be7 25. Bb6 Qxd6 ({Black should try} 25... Qb7 $1 $11) 26. Rxd6 $14 Bxd6 27. Na4 Rab8 28. b3 Rb7 29. h3 Rd7 30. Nc5 (30. Qe2 $14) 30... Bxc5 31. Qxc5 Rd1+ $2 (31... Rd5 $11 32. Qxc6 Rc8 33. Qb7+ Rd7 34. Qxa6 Rxc2) 32. Kh2 $18 Kf6 33. Bc7 Rd5 34. Qxc6 Rc8 (34... f4 {was worth a try.} 35. c4 (35. Qxa6 f3 $16) 35... Rd7) 35. c4 Rd2 36. Qc5 Rxc7 37. Qxc7 Rxf2 {[%mdl 4096] Endgame KQ-KRB} 38. Qd8+ Kf7 39. Qh8 {aiming for Qh7+.} e3 $2 (39... Rxa2 40. Qxe5 a5) 40. Qxe5 f4 {If only Black now had time for ...e2....} 41. Kg1 Bf5 42. g3 $2 (42. c5 $18) 42... Bxh3 $2 {[%mdl 8192]} (42... Rc2 $1 $11 {and Black is okay.}) 43. gxf4 Rg2+ 44. Kh1 Re2 45. Qc7+ Kf6 46. Qd6+ Kf7 {next ...Rd2 is good for Black.} 47. Qd5+ $1 Kf6 48. c5 Be6 49. Qe5+ Kf7 50. Kg1 Bg4 51. Qd5+ Kg7 52. Qe5+ Kf7 53. Qc7+ Kf6 54. Qd6+ Kf7 {[#] White must now prevent ...Rd2.} 55. Qd5+ $2 ({And not} 55. Qxa6 Bf3 $11) (55. f5 $1 {[%cal Rf5g6]} gxf5 56. Qg3 (56. Qxa6 Bf3 $11)) 55... Kg7 {If Black can now play ...Re1+ this consolidates a bit.} 56. Kf1 $2 (56. Qd3 $18) 56... Rf2+ $1 $11 57. Kg1 $2 {[%mdl 8192]} (57. Ke1 $11 Rxa2 58. Qd4+ Kg8 59. Qxe3) 57... Re2 $18 {intending ...Re1+.} 58. Qe5+ Kf7 {[#]} 59. Qd5+ $2 {Precision: White = 48%, Black = 55%.} ({White must play} 59. f5 $1 $18 gxf5 60. Qg3) 1/2-1/2

[Event "2nd AICF Women-GM 2018"]
[Site "Hyderabad"]
[Date "2018.08.13"]
[Round "7"]
[White "Mahalakshmi, M."]
[Black "Monnisha G K"]
[Result "1/2-1/2"]
[WhiteElo "2177"]
[BlackElo "2219"]
[Annotator "TA"]
[PlyCount "69"]
[EventDate "2018.08.09"]
[EventType "tourn"]
[EventCountry "IND"]
[SourceTitle "playchess.com"]
[Source "ChessBase"]
[SourceQuality "1"]

{[%evp 9,69,0,12,2,14,11,20,7,29,19,38,10,20,19,8,0,0,0,0,0,0,0,6,7,6,-6,-10,-17,-8,-32,-26,-26,-21,-29,-29,-26,0,-21,-14,-14,0,-9,0,-1,0,0,26,-14,0,0,20,-14,3,38,29,0,0,0,13,0,0,0]} 1. d4 Nf6 2. Nf3 e6 3. Bf4 c5 4. e3 Qb6 5. Qc1 Be7 (5... Nc6 6. c3 Nh5 7. Bg3 h6 8. Nbd2 d5 9. Bd3 Be7 10. O-O Nxg3 11. hxg3 O-O 12. a3 a5 13. a4 Bd7 14. Bb5 {½-½ (48) Kamsky,G (2721)-Giri,A (2734) Beijing 2013}) 6. Be2 $146 {A46: 1 d4 Nf6 2 Nf3 e6: Torre, London and Colle Systems} ({Predecessor:} 6. c3 d5 7. Bd3 Bd7 8. a4 Nc6 9. Nbd2 Nh5 10. Bg3 Nxg3 11. hxg3 g6 12. O-O Qc7 13. Qd1 {½-½ (106) Bayramov,V (2281)-Mchedlishvili,M (2416) Batumi 2001}) 6... O-O 7. O-O Nc6 {[%cal Rc5d4]} 8. c3 cxd4 9. exd4 d5 10. Ne5 Nxe5 11. Bxe5 Bd7 12. Nd2 {[%cal Bb1d2,Bd2f3,Bf3e5][%mdl 32]} Bb5 13. Bxb5 Qxb5 14. Qc2 Rac8 15. Rfe1 Nd7 16. Nf3 Qc4 17. Qd2 b5 18. a3 a5 19. Qf4 Nxe5 20. Nxe5 Qc7 21. Qd2 Bd6 22. h3 b4 23. axb4 axb4 24. cxb4 Bxe5 25. dxe5 Qc2 26. Qe3 Qxb2 27. Rab1 Qa2 28. Ra1 Qb2 29. Rab1 Qa2 30. Ra1 Qb2 31. Reb1 Qc2 32. Rc1 Qb2 {The position is equal.} 33. Rcb1 Qc2 34. Rc1 Qb2 35. Rcb1 {Precision: White = 51%, Black = 34%.} 1/2-1/2

[Event "2nd AICF Women-GM 2018"]
[Site "Hyderabad"]
[Date "2018.08.14"]
[Round "8"]
[White "Munguntuul, Batkhuyag"]
[Black "Pratyusha, Bodda"]
[Result "1/2-1/2"]
[WhiteElo "2428"]
[BlackElo "2294"]
[Annotator "NA"]
[PlyCount "106"]
[EventDate "2018.08.09"]
[EventType "tourn"]
[EventCountry "IND"]
[SourceTitle "playchess.com"]
[Source "ChessBase"]
[SourceQuality "1"]
[TimeControl "40/5400+30:1800+30"]

{[%evp 9,80,32,44,32767,32767,32767,32767,41,37,27,31,11,25,15,18,8,22,12,21,32767,32767,32767,32767,32767,32767,16,32767,32767,79,73,95,58,57,56,70,72,76,56,55,51,58,52,32767,32767,32767,67,32767,66,100,31,72,75,87,79,79,71,77,30,28,2,20,27,56,74,116,18,129,0,8,0,0,0,38]} 1. e4 {[%emt 0:00:00]} e5 {[%emt 0:00:00]} 2. Nf3 {[%emt 0:00:00]} Nc6 {[%emt 0:00:00]} 3. Bb5 {[%emt 0:00:00]} a6 {[%emt 0:00:00]} 4. Ba4 {[%emt 0:00:00]} Nf6 {[%emt 0:00:00]} 5. O-O {[%emt 0:00:00]} Nxe4 {[%emt 0:00:02]} 6. d4 {[%emt 0:00:24]} b5 {[%emt 0:00:05]} 7. Bb3 {[%emt 0:00:05]} d5 {[%emt 0:00:04]} 8. dxe5 {[%emt 0:00:09]} Be6 {[%emt 0:00:03]} 9. Qe2 {[%emt 0:00:18]} Be7 {[%emt 0:00:20]} 10. Rd1 {[%emt 0:00:26]} O-O {[%emt 0:00:24] [#]} 11. c4 $1 {[%emt 0:01:30]} bxc4 {[%emt 0:00:19] [#]} 12. Bxc4 $1 {[%emt 0:00:06]} Bc5 {[%emt 0:00:03]} 13. Be3 {[%emt 0:00:31]} Bxe3 {[%emt 0:00:18] LiveBook: 148 Games} 14. Qxe3 {[%emt 0:00:03]} Qb8 {[%emt 0:00:06]} 15. Bb3 {[%emt 0:00:35]} Na5 {[%emt 0:00:04]} 16. Nbd2 {[%emt 0:00:36]} Qa7 {[%emt 0:01:04]} 17. Qxa7 {[%emt 0:01:30]} Rxa7 {[%emt 0:00:03]} 18. Rac1 {[%emt 0:03:10]} Nxb3 {[%emt 0:21:58]} (18... c5 $11 {keeps the balance.}) 19. Nxb3 {[%emt 0:01:26]} a5 {[%emt 0:06:32]} 20. Nfd4 {[%emt 0:08:21]} a4 {[%emt 0:00:59]} 21. Nc5 {[%emt 0:02:47]} Nxc5 {[%emt 0:00:22]} 22. Rxc5 {[%emt 0:00:03]} Rb7 {[%emt 0:00:23]} 23. Rd2 {[%emt 0:03:11]} Rfb8 {[%emt 0:01:34]} 24. b3 {[%emt 0:01:22]} axb3 {[%emt 0:00:15]} 25. axb3 {[%emt 0:00:16]} Ra8 {[%emt 0:00:04]} 26. f4 {[%emt 0:04:10]} g6 {[%emt 0:00:04]} 27. Kf2 {[%emt 0:00:47]} Kf8 {[%emt 0:00:45]} 28. Rdc2 {[%emt 0:08:33]} Raa7 {[%emt 0:03:29]} 29. Ke3 {[%emt 0:02:03]} (29. R2c3 $16) 29... h5 {[%emt 0:00:37]} 30. g3 {[%emt 0:07:13]} Kg8 {[%emt 0:02:04]} 31. R2c3 {[%emt 0:07:40]} Kf8 {[%emt 0:00:42]} 32. h4 {[%emt 0:06:59]} Kg8 {[%emt 0:00:36]} 33. f5 {[%emt 0:01:57]} gxf5 {[%emt 0:00:32]} 34. Kf4 {[%emt 0:00:24]} Rb4 {[%emt 0:07:28]} 35. Rd3 {[%emt 0:00:15]} Kh7 {[%emt 0:03:40] [#]} 36. Kg5 $1 {[%emt 0:10:19]} Rb6 {[%emt 0:01:35]} 37. Kxh5 {[%emt 0:05:18]} (37. Rdc3 $16) 37... Bc8 {[%emt 0:01:32] [#]} (37... Bd7 $1 $11) 38. Kg5 {[%emt 0:04:33]} ({And not} 38. Rxd5 Rh6+ 39. Kg5 Rg6+ 40. Kf4 Rg4+ 41. Ke3 Ra2 $15) ({White has to play} 38. Rc6 $1 $16) 38... Rg6+ {[%emt 0:00:23]} 39. Kf4 {[%emt 0:00:02]} Rg4+ {[%emt 0:00:16]} 40. Kf3 {[%emt 0:00:02]} Re4 $14 {[%emt 0:02:31]} 41. b4 {[%emt 0:35:34]} Be6 {[%emt 0:32:47]} 42. b5 {[%emt 0:04:52]} Rb7 {[%emt 0:01:36]} 43. Rc6 {[%emt 0:00:00]} Rxe5 {[%emt 0:00:00]} 44. Re3 {[%emt 0:00:00]} Re4 {[%emt 0:00:00]} 45. Nxe6 {[%emt 0:00:00]} fxe6 {[%emt 0:00:00]} 46. Rxe6 {[%emt 0:00:00]} Rxb5 {[%emt 0:00:00]} 47. Re7+ {[%emt 0:00:00]} Rxe7 {[%emt 0:00:00]} 48. Rxe7+ {[%emt 0:00:00]} Kg6 {[%emt 0:00:00]} 49. Rxc7 {[%emt 0:00:00]} Rb3+ {[%emt 0:00:00]} 50. Kf4 {[%emt 0:00:00]} Rb4+ {[%emt 0:00:00]} 51. Ke5 {[%emt 0:00:00]} Re4+ {[%emt 0:00:00]} 52. Kxd5 {[%emt 0:00:00]} Re3 {[%emt 0:00:00]} 53. Rc8 {[%emt 0:00:00]} Kg7 {[%emt 0:00:00] Ke4} 1/2-1/2